Music Quiz

Random Music or Lyrics Quiz

Elliott Smith Lyrics (2) Quiz Stats

 Plays Quiz not verified by Sporcle

Challenge
Share
Tweet
Embed
Score 0/103 Timer 10:00
0 Plays Today
Answer % Correct
I
98.6%
I
98.6%
I
98.6%
a
97.1%
a
97.1%
a
97.1%
You
91.3%
you
91.3%
you
91.3%
You
91.3%
you
91.3%
you
91.3%
the
87%
The
87%
the
87%
the
87%
the
87%
The
87%
to
82.6%
to
82.6%
to
82.6%
to
82.6%
And
76.8%
and
76.8%
And
76.8%
me
69.6%
me
69.6%
I'm
63.8%
I'm
63.8%
I'm
63.8%
on
63.8%
so
62.3%
of
60.9%
of
60.9%
with
59.4%
Answer % Correct
that
58%
that
58%
that
58%
that
58%
do
58%
want
56.5%
Not
53.6%
for
52.2%
one
49.3%
had
49.3%
just
49.3%
just
49.3%
make
46.4%
us
43.5%
everything
43.5%
everything
43.5%
everything
43.5%
told
43.5%
told
43.5%
we're
42%
only
40.6%
Now
40.6%
like
40.6%
Oh
40.6%
makes
40.6%
die
40.6%
Oh
40.6%
biggest
40.6%
lie
40.6%
biggest
40.6%
lie
40.6%
biggest
40.6%
lie
40.6%
way
36.2%
thing
36.2%
Answer % Correct
waiting
34.8%
goes
33.3%
come
33.3%
very
33.3%
train
31.9%
bad
31.9%
Wanted
30.4%
credit
30.4%
card
30.4%
registered
30.4%
Smith
30.4%
name
30.4%
apart
29%
everybody
29%
late
29%
stop
29%
Subway
27.5%
stupid
27.5%
white
27.5%
precious
27.5%
tired
26.1%
pot
26.1%
gold
26.1%
paint
26.1%
called
24.6%
dancing
24.6%
pull
23.2%
saint
23.2%
flaked
23.2%
spent
21.7%
crashed
21.7%
turned
20.3%
that'll
17.4%

You're not logged in!

Compare scores with friends on all Sporcle quizzes.
OR
Log In

You Might Also Like...

Show Comments

Extras

Top Quizzes Today


Score Distribution

Your Account Isn't Verified!

In order to create a playlist on Sporcle, you need to verify the email address you used during registration. Go to your Sporcle Settings to finish the process.

Report this User

Report this user for behavior that violates our Community Guidelines.

Details: